00291nam a2200097 4500020001400000082001400014100001500028245011000043260003100153300000900184 a026305495 a547.2 DAV aDavies,D.G aOrganic reactions at Advanced Level:a student guide for laboratory exercises in observation and deduction aLondonbMills & Boonc1974 a52 p